000 00974nam a22003017a 4500
001 BR0602880
003 BR-BrBNA
005 20230928102210.0
007 ta
008 230509b bl.||||| |||| 00| 0 por d
040 _aBR-BrBNA
_bpor
_cBiblioteca Nacional de Agricultura
041 _a(Por)
072 _aL73; D50
_b6100
_b4150
090 _ 6100 BR0602880
100 1 _aMaciel, G.A.
110 1 _aMinistério da Agricultura, Pecuária e Abastecimento, Brasília, DF (Brasil)
245 1 _aInfluenza aviária; Plano Nacional de Prevenção da Influenza Aviária e de Controle e Prevenção da Doença de Newcastle
_bInstrução Normativa SDA nº 17, de 07 de abril de 2006
260 3 _aBrasília, DF (Brasil):
_c2006.
300 _a11 p.
650 _aAVE DOMÉSTICA
650 _aINFLUENZA AVIÁRIA
650 _aNEWCASTLE
650 _aVÍRUS
650 _aPROFILAXIA
650 _aLEGISLAÇÃO
909 _a202309
_bLucia
_c55
_dLucia Elande
942 _cBK
999 _c69613
_d69613